000 00374nam a2200157Ia 4500
003 OSt
008 191201s2006 xx 000 0 und d
082 _a303.484
_bMRC
100 _aMRUDULA, E
245 0 _aCultural Framework and Challenges Web Adoption and Practice
250 _a1st
260 _aHydrabad
_bIUP
_c2006
300 _a187
650 _aMBA
942 _2ddc
_cBK
999 _c4727
_d4727